<?xml version="1.0" encoding="UTF-8"?>
<collection xmlns="http://www.loc.gov/MARC21/slim">
 <record>
  <leader>01240nam a2200253   4500</leader>
  <controlfield tag="001">DLU040026831</controlfield>
  <datafield tag="040" ind1="#" ind2="#">
   <subfield code="a">DLU</subfield>
   <subfield code="b">vie</subfield>
  </datafield>
  <datafield tag="041" ind1="#" ind2="#">
   <subfield code="a">vie</subfield>
  </datafield>
  <datafield tag="044" ind1="#" ind2="#">
   <subfield code="a">vn</subfield>
  </datafield>
  <datafield tag="100" ind1="#" ind2="#">
   <subfield code="a">Nguyễn Huệ Chi </subfield>
  </datafield>
  <datafield tag="245" ind1="#" ind2="#">
   <subfield code="a">Mấy đặc trưng loại biệt của văn học Việt Nam từ thế kỷ X đến hết thế kỷ XIX /</subfield>
   <subfield code="c">Nguyễn Huệ Chi </subfield>
  </datafield>
  <datafield tag="520" ind1="#" ind2="#">
   <subfield code="a">Câu hỏi “đặc trưng của văn học Trung đại là gì” là một đề ra hắc búa của những người chủ trì bộ môn văn học sử đang được chuẩn bị biên soạn. Tác giả đưa ra vấn đề thống nhất khái niệm của chính tiêu đề và chọn những quy ước thỏa đáng để giới hạn nội hàm của khái niệm. Từ đó, gợi ý về mấy đặc trưng văn học cổ Việt Nam trong vòng mười thế kỷ. </subfield>
  </datafield>
  <datafield tag="653" ind1="#" ind2="#">
   <subfield code="a">Văn học Trung Đại  </subfield>
  </datafield>
  <datafield tag="773" ind1="#" ind2="#">
   <subfield code="a">Tạp chí Văn học</subfield>
   <subfield code="g">Số 5 - 2003, tr. 7-14</subfield>
  </datafield>
  <datafield tag="920" ind1="#" ind2="#">
   <subfield code="a">Phòng Tạp chí -- Trung tâm Thông tin - Thư viện Trường Đại học Đà Lạt</subfield>
  </datafield>
  <datafield tag="933" ind1="#" ind2="#">
   <subfield code="a">NV</subfield>
  </datafield>
  <datafield tag="994" ind1="#" ind2="#">
   <subfield code="a">DLU</subfield>
  </datafield>
  <datafield tag="900" ind1="#" ind2="#">
   <subfield code="a">True</subfield>
  </datafield>
  <datafield tag="911" ind1="#" ind2="#">
   <subfield code="a">Nguyễn Năng Hải</subfield>
  </datafield>
  <datafield tag="925" ind1="#" ind2="#">
   <subfield code="a">G</subfield>
  </datafield>
  <datafield tag="926" ind1="#" ind2="#">
   <subfield code="a">A</subfield>
  </datafield>
  <datafield tag="927" ind1="#" ind2="#">
   <subfield code="a">BB</subfield>
  </datafield>
  <datafield tag="980" ind1="#" ind2="#">
   <subfield code="a">Thư viện Trường Đại học Đà Lạt</subfield>
  </datafield>
 </record>
</collection>
